000 00463nam a2200193Ia 4500
008 151119s9999||||xx |||||||||||||| ||und||
082 _a891.467
082 _bGKKV7403
100 _aबंड श्याम
245 _aहसबंड
260 _a--
260 _b--
260 _c1992
600 _aबंड श्याम
630 _aहसबंड
700 _aबंड श्याम
730 _aहसबंड
942 _cBOOK
999 _c1062072
_d1062069